| 000 | 00424nab a2200145Ia 4500 | ||
|---|---|---|---|
| 003 | ES-SlBCS | ||
| 005 | 20210601134618.0 | ||
| 008 | 140529s1981 xxu||||| |||| 00| 0 spa d | ||
| 041 | _aspa | ||
| 100 | 1 |
_aMenini, Marino _9220406 |
|
| 245 | 0 | 0 |
_aAndrés Bello: su personalidad y su filosofía _c Marino Menini |
| 600 | 1 | 4 |
_aBello, Andrés _935698 |
| 773 | 0 |
_tAnthropos _gvol. 2, nº. 2, 1981, págs. 58-70 _wRev38 |
|
| 942 | _cAR | ||
| 999 |
_c615279 _d615279 |
||